Reforma legal y derechos económicos y sociales de los niños: las paradojas de la ciudadanía (Registro nro. 21958)

Detalles MARC
000 -LEADER
fixed length control field 00387 a2200109 4500
001 - CONTROL NUMBER
control field ART_13037
005 - DATE AND TIME OF LATEST TRANSACTION
control field 20260410161817.0
008 - FIXED-LENGTH DATA ELEMENTS--GENERAL INFORMATION
fixed length control field 260409a
100 1# - MAIN ENTRY--PERSONAL NAME
Personal name Beloff, Mary
245 10 - TITLE STATEMENT
Title Reforma legal y derechos económicos y sociales de los niños: las paradojas de la ciudadanía
773 0# - HOST ITEM ENTRY
Title Revista Juridica de Buenos Aires
Related parts Derechos humanos (ene. 2007)
Record control number REV4315

No hay ítems disponibles.